[Event "2BLW 1819 SG Solingen II - SC Hansa Dor"]
[Site "?"]
[Date "2019.04.07"]
[Round "9.7"]
[White "Kalka, Arkadius Georg"]
[Black "Gupta, Milon"]
[Result "1/2-1/2"]
[WhiteElo "2338"]
[BlackElo "2167"]
[PlyCount "62"]
[EventDate "2019.??.??"]

1. c4 e6 2. g3 d5 3. Nf3 Nf6 4. Bg2 dxc4 5. Na3 Bxa3 6. bxa3 Nc6 7. Bb2 O-O 8.
Rc1 Re8 9. Rxc4 e5 10. Qa1 Be6 11. Rc5 Nd7 12. Rc1 Bd5 13. O-O f6 14. d3 Qe7
15. e4 Be6 16. d4 exd4 17. Nxd4 Nxd4 18. Bxd4 c5 19. Bc3 Rac8 20. f4 Nb6 21.
Rce1 Na4 22. Bd2 Qf7 23. f5 Bc4 24. Rf2 Rcd8 25. e5 Rxe5 26. Rxe5 fxe5 27. Qxe5
Re8 28. Qd6 Qe7 29. Qf4 b5 30. Bc6 Rd8 31. Be3 Rd6 1/2-1/2

[Event "2BLW 1819 SG Solingen II - SC Hansa Dor"]
[Site "?"]
[Date "2019.04.07"]
[Round "9.8"]
[White "Wickenfeld, Stefan"]
[Black "Babar, Michael"]
[Result "1/2-1/2"]
[WhiteElo "2227"]
[BlackElo "2134"]
[PlyCount "84"]
[EventDate "2019.??.??"]

1. d4 f5 2. Nf3 Nf6 3. g3 g6 4. Bg2 Bg7 5. O-O O-O 6. b3 Ne4 7. Bb2 d6 8. Nfd2
d5 9. c4 c6 10. e3 Be6 11. Qe2 Nd7 12. cxd5 cxd5 13. Nc3 Ndf6 14. Rfc1 Qd7 15.
Na4 b6 16. f3 Nd6 17. Bf1 Rfc8 18. Qe1 Qb7 19. Ba3 Nfe8 20. f4 Bd7 21. Nc3 e6
22. Nf3 Nf7 23. Ne5 Ned6 24. Nxf7 Nxf7 25. Bd3 a6 26. Qe2 Bf8 27. Bxf8 Kxf8 28.
a4 Nd6 29. Na2 Ne4 30. Rxc8+ Qxc8 31. Rc1 Qb7 32. Kg2 Kf7 33. Bxe4 fxe4 34. Rc3
Rc8 35. Qc2 Rxc3 36. Qxc3 a5 37. Kf2 Qb8 38. Nc1 Qd6 39. Ne2 Ke7 40. g4 Kd8 41.
h4 Qa3 42. Qc2 Qa1 {(=)} 1/2-1/2